| 000 | 00376nam a2200145Ia 4500 | ||
|---|---|---|---|
| 008 | 230917s9999||||xx |||||||||||||| ||und|| | ||
| 040 |
_e109898 _aMAIN |
||
| 041 | _aEnglish | ||
| 082 | _a823.09 M34K | ||
| 100 | _aBhatnagar, M K, ed. | ||
| 245 | 0 | _aKamla Markandaya: A critical spectrum | |
| 260 |
_aNew Delhi _bAtlantic Publishers _c2002 |
||
| 300 | _a218 p. | ||
| 942 | _cBK | ||
| 999 |
_c135926 _d135926 |
||